00703 2200241 4500001002100000005001500021035002000036007000300056008004100059020001800100082001000118084001600128100001000144245003900154250001900193260003400212300002000246500011800266650004400384856001700428990000800445990000800453INLIS00000000000008120220127074956 a0010-0122000081ta220127 g 0 ind  a9789790458420 a005.5 a005.5 YUL d0 aYulia1 aDasar-DasarPraktis Microsoft Excel acetakan ke - 1 aSolo :bTiga serangkai,c2009 a50 hlm ;c21 cm aBuku dasar praktis microsoft excel ini dapat membantumu mengenali microsoft excel versi terbaru, yaitu versi 2007 4aProgram aplikasi dengan kegunaan khusus aKoleksi Umum a186 a187